00791nam a2200205 a 450000100100000000500170001000800410002704000250006808200190009310000340011224500730014626000430021930000210026250000630028350400300034665000380037691000370041495201170045199900170056800004151320201002034945.0131009s1999 dr d 000 0 spa d aDO-SdBNPbspacBNPHU aR 150.3bD278m1 aDe Peña S., Casimiro96675010aModerno diccionario popular de psicología /cCasimiro De Peña S. aSanto Domingo :bSoto Castillo,c1999. a234 p. ;c26 cm. aIncluye datos biografícos del autor en la contraportada. aBibliografía p: 233-234 4aPsicologíaxDiccionarios968227 aValidado. Control de calidad MFF 0010718PDaGRbGRcHDd2013-10-09iLF1l0oR 150.3 D278mp41513-10r2020-06-25w2020-06-25yLFPDZNo se presta c41003d41003